[Event "Hastings 0203 78th"]
[Site "Hastings"]
[Date "2002.12.28"]
[Round "1"]
[White "Sasikiran, Krishnan"]
[Black "Kosteniuk, Alexandra"]
[Result "1/2-1/2"]
[WhiteElo "2670"]
[BlackElo "2455"]
[Annotator "Lutz,C"]
[PlyCount "147"]
[EventDate "2002.12.28"]
[EventType "tourn"]
[EventRounds "9"]
[EventCountry "ENG"]
[EventCategory "12"]
[SourceTitle "CBM 093"]
[Source "ChessBase"]
[SourceDate "2003.04.01"]
[SourceVersion "1"]
[SourceVersionDate "2003.04.01"]
[SourceQuality "1"]

1. Nf3 d5 2. d4 Nf6 3. c4 e6 4. Nc3 c6 5. e3 Nbd7 6. Bd3 dxc4 7. Bxc4 b5 8. Bd3
Bb7 9. O-O a6 10. e4 c5 11. d5 Qc7 12. dxe6 fxe6 13. Bc2 Bd6 14. Ng5 Nf8 15. f4
O-O-O 16. Qe1 e5 17. Nd5 $1 Bxd5 18. exd5 exf4 19. a4 $1 {Dieser Zug von
Shirov lässt die gesamte Dreev-Variante 13...Bd6 kritisch aussehen.} b4 20. Qe2
Kb7 $146 {Diese Neuerung lässt die schwarze Stellung auch nicht wirklich
attraktiv aussehen. Am Grundproblem - dem unsicheren schwarzen König - ändert
sich nichts.} (20... c4 21. b3 $1 h6 22. Ne6 Nxe6 23. dxe6 Nd5 24. bxc4 Nc3 25.
Qf3 $16 {1-0 Shirov,A-Dreev,A/Sarajevo 2002/CBM 90/[Lutz] (39)}) 21. Bd3 Ka7 (
21... Ra8 22. Rd1 $36 {Ftacnik}) 22. Bxa6 Nxd5 23. Bc4 h6 24. Nh3 $6 {Mir
gefällt dieser Zug nicht, da Weiß seinen Springer schlecht stellt und außerdem
sein Königsflügel geschwächt wird.} (24. Nf3 $5 $36) 24... f3 25. Qxf3 (25.
gxf3 Be5 $132) 25... Bxh2+ 26. Kh1 Ng6 27. Qh5 (27. Bxd5 Rhf8 28. Bf7 Ne5)
27... Nge7 (27... Ne5 28. Bxd5 Rxd5 29. Nf4 Bxf4 30. Bxf4 $44) 28. Rf7 Nb6 $6 (
28... Rhf8 $5 29. Rxg7 Be5 $13) 29. Be3 g5 30. Be6 Bd6 31. Nf2 $36 Qc6 32. a5
Nd7 33. Bxd7 Rxd7 34. Qg4 Rhd8 35. Rd1 Kb8 36. Qe4 Qxe4 37. Nxe4 Bc7 {Die
schwarze Lage sieht kritisch aus, aber die Nachziehende verteidigt sich zäh.}
38. Rxd7 Rxd7 39. Bg1 Be5 40. Nxc5 Rd1 {Damit hat sich Schwarz gerettet.} 41.
Rxe7 Bd4 42. Nd7+ Kc8 43. Nb6+ Kb8 44. a6 Rxg1+ 45. Kh2 Bxb6 46. Rb7+ Ka8 47.
Rxb6 Rb1 48. Rxb4 Ka7 49. Rd4 Kxa6 50. Rd6+ Kb7 51. Rxh6 Kc7 52. Rh7+ Kc6 53.
Rh6+ Kc7 54. Rh3 Rxb2 55. Rd3 Kc6 56. Kh3 Ra2 57. Rd4 Kc5 58. Rd8 Kc6 59. g3
Ra4 60. Rd2 Kc5 61. Rd3 Rb4 62. Rd8 Kc6 63. Rg8 Kd6 64. Rxg5 Ke6 65. Rg4 Rb7
66. Kh4 Kf6 67. Rg8 Rh7+ 68. Kg4 Rh1 69. Rg5 Rg1 70. Ra5 Kg6 71. Ra6+ Kg7 72.
Kh4 Rb1 73. Ra5 Kg6 74. Ra6+ 1/2-1/2

[Event "Hastings 0203 78th"]
[Site "Hastings"]
[Date "2003.01.02"]
[Round "6"]
[White "Barsov, Alexei"]
[Black "Kosteniuk, Alexandra"]
[Result "1-0"]
[WhiteElo "2525"]
[BlackElo "2455"]
[Annotator "Lutz,C"]
[PlyCount "81"]
[EventDate "2002.12.28"]
[EventType "tourn"]
[EventRounds "9"]
[EventCountry "ENG"]
[EventCategory "12"]
[SourceTitle "CBM 093"]
[Source "ChessBase"]
[SourceDate "2003.04.01"]
[SourceVersion "1"]
[SourceVersionDate "2003.04.01"]
[SourceQuality "1"]

1. d4 d5 2. c4 e6 3. Nc3 c6 4. e3 Nf6 5. Nf3 Nbd7 6. Qc2 Bd6 7. g4 Bb4 8. Bd2
Qe7 9. Bd3 dxc4 10. Bxc4 b5 11. Be2 Bb7 12. g5 Bxc3 {Schwarz folgt dem Konzept
von Fressinet aus dessen Begegnung mit Gelfand.} 13. bxc3 Nd5 14. a4 bxa4 15.
c4 Nb4 16. Bxb4 $1 $146 {Eine Neuerung, die den ungewöhnlichen schwarzen
Aufbau in Frage stellt. Zwar gibt Weiß seinen schwarzfeldrigen Läufer ab,
gewinnt aber das nötige Tempo, um mit c4-c5 den Bb7 kaltzustellen. Es scheint,
als ob Weiß nun einfach etwas besser steht.} (16. Qxa4 c5 $1 17. Bxb4 cxb4 18.
c5 Bd5 19. Qxb4 O-O 20. Rg1 e5 $44 {1/2-1/2 Gelfand,B-Fressinet,L/Cap d'Agde
2002/CBM 92/[Lutz] (35)}) 16... Qxb4+ 17. Kf1 Qe7 (17... c5 $2 18. Rb1) 18. c5
{Im weiteren Verlauf der Partie wird der Bb7 nur noch einmal ziehen.} e5 19.
Qe4 exd4 20. Qxe7+ Kxe7 21. exd4 h6 {Wenn Schwarz still sitzenbleibt, folgt
einfach Kg2, Rxa4 nebst Rha1, und der Pa7 fällt.} (21... a5 22. Kg2 Ba6 23.
Bxa6 Rxa6 24. Rhe1+ Kd8 25. Rxa4 $16 {mit der Idee Rea1}) 22. Rg1 hxg5 23. Rxg5
g6 24. Kg2 a5 25. Bd1 (25. Rxa4 Ba6 $132) 25... Nf8 $6 {Eine Umgruppierung zur
falschen Zeit.} (25... Ba6 $5 {erscheint besser:} 26. Bxa4 Rhc8 $14 {mit der
Idee ...Kf8} 27. d5 $5 Bb5 $132) 26. Rb1 Ra7 27. Bxa4 f6 28. Re1+ Kd8 29. Rg4
g5 30. d5 Ng6 (30... cxd5 31. Re8+ Kc7 32. Nd4 $40) 31. dxc6 Bc8 32. Rd4+ Kc7
33. Rd6 Nf4+ 34. Kg1 Kb8 $6 (34... Nh3+ $5) 35. Rb1+ Ka8 36. Nd4 Nh3+ 37. Kf1
Rc7 $2 (37... Nf4 $142 $5) 38. Rb6 Nf4 39. Nb5 Re7 40. Rd7 $1 Bxd7 41. Nc7+ (
41. Nc7+ Ka7 42. Rb7#) 1-0

[Event "Hastings 0203 78th"]
[Site "Hastings"]
[Date "2003.01.04"]
[Round "8"]
[White "Flear, Glenn C"]
[Black "Kosteniuk, Alexandra"]
[Result "1-0"]
[WhiteElo "2527"]
[BlackElo "2455"]
[Annotator "Lutz,C"]
[PlyCount "79"]
[EventDate "2002.12.28"]
[EventType "tourn"]
[EventRounds "9"]
[EventCountry "ENG"]
[EventCategory "12"]
[SourceTitle "CBM 093"]
[Source "ChessBase"]
[SourceDate "2003.04.01"]
[SourceVersion "1"]
[SourceVersionDate "2003.04.01"]
[SourceQuality "1"]

1. d4 d5 2. c4 c6 3. Nc3 Nf6 4. e3 e6 5. Nf3 Nbd7 6. Bd3 dxc4 7. Bxc4 b5 8. Be2
a6 {Besser sind vermutlich die Alternativen 8...Bb7 und 8...b4.} (8... Bb7 9.
O-O (9. e4 b4 10. e5 bxc3 11. exf6 Nxf6 12. bxc3 Bd6 (12... Be7 {- 9.0-0}))
9... Be7 10. e4 b4 11. e5 bxc3 12. exf6 Nxf6 13. bxc3 $11) (8... b4) 9. e4 b4
10. e5 bxc3 11. exf6 Nxf6 12. bxc3 Be7 $2 {Das sieht wie ein glatter Fehler
aus, Schwarz kommt nun in große Schwierigkeiten.} (12... Bd6 {ist der
Normalzug, um das Feld e5 zu kontrollieren. Aber auch dann hat Weiß leichten
Vorteil:} 13. c4 $1 (13. Nd2) (13. Qa4) 13... O-O (13... Bb4+ 14. Bd2 Bxd2+ 15.
Qxd2 Ne4 16. Qe3 Qa5+ 17. Kf1 $16 {Bareev,E}) (13... c5 14. dxc5 Qa5+ (14...
Bxc5 15. Qxd8+ Kxd8 16. Ne5 $16 {Bareev,E}) 15. Nd2 Be5 16. Rb1 O-O 17. Bf3 Ra7
18. c6 Qxa2 19. Rb3 $36 {1-0 Aleksandrov,A-Fleck,J/Germany 2001/CBM 82 ext (59)
}) 14. c5 Bc7 15. O-O $14 {Aleksandrov,A-Bareev,E/FIDE-Wch New Delhi 2000/
[Lutz]}) 13. Ne5 $16 {Schwarz bekommt nun Probleme mit dem Pc6.} Bb7 14. Rb1
Ra7 15. Bf3 O-O {Schwarz will im Trüben fischen, aber das Opfer ist nicht
korrekt.} (15... Nd5 16. Bd2 $16 {nebst c3-c4 ist aber auch schon nicht mehr
erfreulich.}) 16. Bxc6 Bxc6 17. Nxc6 Qd5 18. Nxa7 Qxg2 19. Rf1 Qa8 $2 (19...
Ra8 $5 $16 20. Qe2 (20. Qb3 Rxa7 {mit der Idee} 21. Qb8+ Bf8 22. Qxa7 $2 Qe4+)
20... Rxa7 21. f3 Qh3 {und Schwarz hat wenigstens noch etwas Gegenspiel.}) 20.
Qb3 $1 $18 Qe4+ (20... Qxa7 21. Qb7) 21. Be3 Nd5 22. Kd2 f5 23. Kc1 Bd6 24. Bd2
Nf4 25. Be3 (25. f3 Qd3 26. Re1 Ne2+ 27. Rxe2 Qxe2 28. Nc6 $18) 25... Ra8 26.
Qc2 Ba3+ 27. Kd2 Qf3 28. Qd1 Qe4 29. Bxf4 Qxf4+ 30. Kc2 Rxa7 31. Qe2 Qd6 32.
Rb3 h6 33. Rfb1 Re7 34. Qf3 Re8 35. c4 Qxd4 36. Rxa3 Qxc4+ 37. Kb2 Qd4+ 38. Rc3
Rd8 39. Rbc1 Qd2+ 40. Kb1 1-0

[Event "Hastings 0203 78th"]
[Site "Hastings"]
[Date "2003.01.05"]
[Round "9"]
[White "Kosteniuk, Alexandra"]
[Black "McShane, Luke J"]
[Result "1-0"]
[WhiteElo "2455"]
[BlackElo "2546"]
[Annotator "Rogozenco,D"]
[PlyCount "75"]
[EventDate "2002.12.28"]
[EventType "tourn"]
[EventRounds "9"]
[EventCountry "ENG"]
[EventCategory "12"]
[SourceTitle "CBM 093"]
[Source "ChessBase"]
[SourceDate "2003.04.01"]
[SourceVersion "1"]
[SourceVersionDate "2003.04.01"]
[SourceQuality "1"]

1. e4 c5 2. Nf3 Nc6 3. d4 cxd4 4. Nxd4 Nf6 5. Nc3 e5 6. Ndb5 d6 7. Bg5 a6 8.
Na3 b5 9. Bxf6 gxf6 10. Nd5 f5 11. Bd3 Be6 12. O-O Bxd5 13. exd5 Ne7 14. c4 e4
15. Be2 Bg7 16. Qd2 bxc4 17. Nxc4 O-O 18. Rac1 {A rare move, met several times
before. Kosteniuk connects it with a new, but rather doubtful idea, which
worked out well in the present game.} (18. Rad1 {is the main continuation,
leading to equal endgames.}) 18... Rb8 19. b4 (19. b3 Rb5 {is pretty similar
to the game.}) 19... Rb5 20. Ne3 f4 {All this was met in the game Huebner-Sax,
Tilburg 1979. That interesting game ended with a draw after a complicated
battle.} 21. Nc2 $6 $146 {White relies on her queenside pawns - a dangerous
strategy, since Black has counterplay both in the center and on the kingside.}
(21. Bxb5 fxe3 22. Qxe3 axb5 23. Qxe4 Ng6 $13 {Huebner-Sax, Tilburg 1979.})
21... Rxd5 22. Qxf4 Re5 23. Bxa6 d5 {A logical continuation. However, in the
latter game Nijboer was victorious with the more direct 23...Nd5.} (23... Nd5
24. Qd2 Qh4 25. Ne3 Rh5 26. h3 Nf4 27. Bc8 Rg5 28. Ng4 Be5 29. Nxe5 Rxg2+ 30.
Kh1 dxe5 31. Qe3 f5 32. Be6+ Kh8 33. Qc3 Nxh3 34. Qxe5+ Rg7 35. Qh2 e3 36. Bxf5
Rg1+ 37. Rxg1 Nxf2+ 38. Kg2 Rg8+ {0-1 Kosteniuk,A-Nijboer,F/Wijk aan Zee 2003.}
) 24. Rcd1 f5 (24... Ng6 $5 25. Qd2 Qh4 $44) 25. Bc4 Kh8 26. Rfe1 Qc8 ({
The correct move order was} 26... Ng6 $1 27. Qd2 (27. Qc1 f4 $44) 27... Qc8 (
27... f4 28. Bxd5) 28. Bb3 (28. Bxd5 $2 Rd8) 28... f4 $44) 27. Bb3 Ng6 28. Qc1
f4 {Black finally goes for direct attack, but he didn't need to give up his
central pawn for that.} (28... Qd7 $142) 29. Rxd5 Nh4 30. Qd1 f3 $2 {Giving
away another central pawn proves to be the decisive mistake this time.} (30...
Qf5 {After this move White still needs to be accurate. The present game shows
in fact that Black has a potentially very strong position after White's 21.Nc2,
if after so many mistakes there are still some real chances. Now a possible
line is:} 31. Kh1 (31. Rxe5 Qg6 $1 32. g3 Bxe5 {with a strong attack.}) 31...
e3 (31... Qg6 32. Rg1) 32. Rxe5 (32. fxe3 f3 33. gxf3 Nxf3 34. Rxe5 Bxe5 35.
Rf1 Qe4 36. Bd5 Ne1+ 37. Rf3 Rxf3 38. Qxf3 Qxf3+ 39. Bxf3 Nxc2 40. b5 Bc7 $17)
32... Bxe5 33. f3 $1 Qg5 34. Re2 Rd8 35. Qe1 {and White's extra material
should play its role, although Black's activity makes White's task far from
easy.}) 31. Rxe5 Bxe5 32. Rxe4 {The bishop and knight are hanging and Black
has no time to create quick threats. Also his king on h8 is much more
vulnerable now.} Rd8 33. Nd4 Bf6 34. g3 Nf5 35. Qxf3 {Too many pawns were
given away for nothing. Time to resign.} Rxd4 {[%csl Rf5,Rf6]} 36. Re6 $1 {
Finishes immediately.} ({If not the game move, then White had also} 36. Rxd4
Bxd4 37. Qe4 {[%cal Gb3c2] winning back the piece and remaining with lots of
extra pawns.}) 36... Rd2 37. Rxf6 Nd4 38. Rf8+ 1-0

[Event "Corus-B"]
[Site "Wijk aan Zee"]
[Date "2003.01.11"]
[Round "1"]
[White "Stellwagen, Daniel"]
[Black "Kosteniuk, Alexandra"]
[Result "1-0"]
[WhiteElo "2427"]
[BlackElo "2456"]
[Annotator "Rogozenco,D"]
[PlyCount "63"]
[EventDate "2003.01.14"]
[EventType "tourn"]
[EventRounds "13"]
[EventCountry "NED"]
[EventCategory "13"]
[SourceTitle "CBM 093"]
[Source "ChessBase"]
[SourceDate "2003.04.01"]
[SourceVersion "1"]
[SourceVersionDate "2003.04.01"]
[SourceQuality "1"]

1. e4 c5 2. Nf3 d6 3. d4 cxd4 4. Nxd4 Nf6 5. Nc3 g6 6. Be3 Bg7 7. f3 O-O 8. Qd2
Nc6 9. Bc4 Nd7 {Interesting continuation. The knight aims for c4 (after Nd7-b6
and Nc6-a5), it also opens the diagonal for bishop g7. On the other hand 9...
Nd7 is objectively a doubtful move, having as the main purpose to surprise an
unprepared opponent or to avoid long theoretical discussions after 9...Bd7.
The point is that White can prevent the quick appearance of the knight on c4
and in order to insist on the initial idea Black needs more time (by playing
Bd7 and Rc8 anyway). Meanwhile White will organise an attack on the kingside,
where absense of the important defender from f6 is often crucial.} 10. O-O-O (
10. h4 {is more direct and although it often leads to the similar positions as
in the game, it limits Black's options. The difference can be seen in the
following variation:} Nb6 11. Bb3 Na5 12. Qd3 Bd7 13. h5 Rc8 14. hxg6 {and in
opposite to the game Black is forced to take back with the h-pawn.}) 10... Nb6
11. Bb3 Na5 12. Qd3 $1 Bd7 {Continuing the idea to bring a knight on c4. The
alternative 12...Nxb3 is less logical.} 13. h4 Rc8 (13... h5 {looks dangerous
for Black here, because of the absence of knight on f6. Besides preparing
g2-g4 with, say 14.Rdg1, White has the typical 14.g4 at once:} 14. g4 $5 hxg4
15. h5 $40) 14. h5 Nbc4 15. hxg6 fxg6 $5 (15... hxg6 {is worse:} 16. Bh6 (16.
Bg5 {is also good for White, but 16.Bh6 was played by Fischer... Seriously, 16.
Bh6 looks more to the point - to mate the opponent's king as quick as possible!
}) 16... e5 (16... e6 $2 17. f4 e5 18. Nf5 Bxf5 19. exf5 Nxb2 20. Kxb2 e4 21.
Bxg7 Kxg7 22. Nxe4 {1-0 Fischer,R-Purevzhav,S/Varna (ol.) 1962}) 17. Bxg7 Kxg7
18. Nde2 Qg5+ 19. Kb1 b5 20. g3 b4 21. Nd5 $1 (21. f4 exf4 22. gxf4 Qf6 23. e5
dxe5 24. Ne4 Qc6 {was less clear in Lobron-Kalka, Bad Wiessee, 2000.}) 21...
Bb5 22. f4 Qd8 23. Qf3 $16 {and White won quickly (f4-f5 next) in Fleck-Kozul,
Cesme, 1983.}) 16. Kb1 Nxb3 17. axb3 Nxe3 18. Qxe3 {An interesting position.
Black succeeded to exchange both opponent's bishops for knights. Black's
problem here is that without knights it is not easy to create counterplay (the
light-squared bushop is not particularly dangerous). Also important for
evaluation is that Black has problems with central squares (especially square
d5 is difficult to cover). Any pawn moves from Black will weaken the structure
even more.} Rc5 (18... Rf7 19. f4 Bg4 20. Rd2 Qa5 21. Nde2 b5 22. Rd5 a6 23.
Qg3 Bxe2 (23... Be6 24. Rg5 $16 {[%cal Gf4f5]}) 24. Nxe2 Qc7 25. Qd3 b4 26. f5
gxf5 27. exf5 Qa7 28. Nd4 Kh8 29. g4 Bf6 30. Ne6 Qf2 31. g5 Qg2 32. Rh5 Qg4 33.
Qd1 {1-0 Pietrocola,R-Falvo/ITA corr 1991.}) 19. f4 Bg4 20. Rd3 (20. Rd2 $5)
20... Qd7 $6 21. Nf3 Rfc8 22. e5 Qc7 $6 23. b4 Rc4 24. Nd5 {With her last few
moves Black completely missplayed the position, but I suspect that it was no
fun for Black anyway - too many weak points in Black's camp and too many ideas
for White.} Qd7 25. exd6 Rxc2 26. Nxe7+ Kf8 27. Ne5 {The triumph of knights
over bishops.} Qa4 28. Nxc8 Be6 29. Ra3 Qxb4 30. Kxc2 Bf5+ 31. Kc1 Bxe5 32.
Qxe5 {Black probably counted pieces (it shouldn't have taken much time to
count black ones), or maybe Alexandra just saw the inevitable mate that
follows... One way or another Black resigned.} 1-0

[Event "Corus-B"]
[Site "Wijk aan Zee"]
[Date "2003.01.12"]
[Round "2"]
[White "Hector, Jonny"]
[Black "Kosteniuk, Alexandra"]
[Result "1/2-1/2"]
[WhiteElo "2570"]
[BlackElo "2456"]
[PlyCount "121"]
[EventDate "2003.01.14"]
[EventType "tourn"]
[EventRounds "13"]
[EventCountry "NED"]
[EventCategory "13"]
[SourceTitle "CBM 093"]
[Source "ChessBase"]
[SourceDate "2003.04.01"]
[SourceVersion "1"]
[SourceVersionDate "2003.04.01"]
[SourceQuality "1"]

1. e4 c5 2. Nf3 d6 3. d4 cxd4 4. Nxd4 Nf6 5. Nc3 Nc6 6. Bc4 e6 7. Be3 a6 8. Bb3
Qc7 9. O-O b5 10. Nxc6 Qxc6 11. f3 Be7 12. a4 b4 13. a5 O-O 14. Na4 Bb7 15. Nb6
Rad8 16. Qe1 Qc7 17. Kh1 d5 18. exd5 Bxd5 19. Nxd5 Nxd5 20. Bd4 Bc5 21. Qe4
Bxd4 22. Qxd4 Rd6 23. Rfd1 Rfd8 24. Qe5 Ne7 25. Rxd6 Rxd6 26. h3 g6 27. Re1 Nf5
28. Kh2 Nd4 29. Kh1 Nf5 30. Kh2 Nd4 31. f4 Nc6 32. Qc5 Rd4 33. Ba4 Qxf4+ 34.
Kh1 Nd8 35. Qb6 Rd6 36. Qc7 Rd4 37. Qb6 Rd6 38. Qc7 g5 39. Bd7 Qd2 40. Qxd8+
Kg7 41. Re2 Qd1+ 42. Kh2 h6 43. Qb8 Rxd7 44. Qe5+ Kg8 45. Re4 Qxc2 46. Rxb4 Qc7
47. Qxc7 Rxc7 48. Rb6 Rc2 49. Kg3 Kg7 50. Kf3 Kf6 51. b4 Rb2 52. Ke3 Ke5 53.
Kd3 Kd5 54. Kc3 Rxg2 55. Rxa6 Rg3+ 56. Kb2 Kc4 57. Rb6 Rxh3 58. a6 Rh2+ 59. Ka3
Rh1 60. Kb2 Rh2+ 61. Ka3 1/2-1/2

[Event "Corus-B"]
[Site "Wijk aan Zee"]
[Date "2003.01.15"]
[Round "4"]
[White "Koneru, Humpy"]
[Black "Kosteniuk, Alexandra"]
[Result "1/2-1/2"]
[WhiteElo "2496"]
[BlackElo "2456"]
[PlyCount "60"]
[EventDate "2003.01.14"]
[EventType "tourn"]
[EventRounds "13"]
[EventCountry "NED"]
[EventCategory "13"]
[SourceTitle "CBM 093"]
[Source "ChessBase"]
[SourceDate "2003.04.01"]
[SourceVersion "1"]
[SourceVersionDate "2003.04.01"]
[SourceQuality "1"]

1. d4 d5 2. Nf3 Nf6 3. c4 e6 4. Nc3 dxc4 5. e3 a6 6. a4 c5 7. Bxc4 Nc6 8. O-O
Be7 9. Qe2 cxd4 10. Rd1 e5 11. exd4 exd4 12. Nxd4 Nxd4 13. Qe5 Qd6 14. Qxd4
Qxd4 15. Rxd4 O-O 16. Bf4 Bc5 17. Rd2 Bf5 18. Nd5 Ne4 19. Re2 Rac8 20. Ba2 Rfd8
21. Rae1 Be6 22. Rxe4 Bxd5 23. Bxd5 Rxd5 24. Re8+ Rxe8 25. Rxe8+ Bf8 26. Kf1 f6
27. Rb8 Rd7 28. Ke2 Kf7 29. b3 Bb4 30. Rc8 Ke6 1/2-1/2

[Event "Corus-B"]
[Site "Wijk aan Zee"]
[Date "2003.01.16"]
[Round "5"]
[White "Kosteniuk, Alexandra"]
[Black "Jonkman, Harmen"]
[Result "0-1"]
[WhiteElo "2456"]
[BlackElo "2436"]
[PlyCount "66"]
[EventDate "2003.01.14"]
[EventType "tourn"]
[EventRounds "13"]
[EventCountry "NED"]
[EventCategory "13"]
[SourceTitle "CBM 093"]
[Source "ChessBase"]
[SourceDate "2003.04.01"]
[SourceVersion "1"]
[SourceVersionDate "2003.04.01"]
[SourceQuality "1"]

1. e4 e5 2. Nf3 Nc6 3. d4 exd4 4. Nxd4 Qf6 5. Nxc6 Bc5 6. Qd2 bxc6 7. Nc3 Qg6
8. f4 Ne7 9. Bd3 d5 10. Na4 Bd4 11. e5 Bf5 12. Bxf5 Nxf5 13. Qe2 h5 14. c3 Bb6
15. b3 d4 16. Qe4 dxc3 17. Nxb6 axb6 18. O-O O-O-O 19. Qc4 Nh4 20. g3 Nf5 21.
Qxc3 h4 22. g4 Qxg4+ 23. Kf2 Nd4 24. Qd3 Kb7 25. Rg1 Qe6 26. Bb2 Nf5 27. Qe2 h3
28. Rac1 Rd5 29. Rc2 Rh4 30. Qe4 Nd6 31. Qe3 Qf5 32. Rgc1 Rxf4+ 33. Kg1 Qg4+
0-1

[Event "Corus-B"]
[Site "Wijk aan Zee"]
[Date "2003.01.19"]
[Round "7"]
[White "Kosteniuk, Alexandra"]
[Black "Acs, Peter"]
[Result "1-0"]
[WhiteElo "2456"]
[BlackElo "2623"]
[PlyCount "266"]
[EventDate "2003.01.14"]
[EventType "tourn"]
[EventRounds "13"]
[EventCountry "NED"]
[EventCategory "13"]
[SourceTitle "CBM 093"]
[Source "ChessBase"]
[SourceDate "2003.04.01"]
[SourceVersion "1"]
[SourceVersionDate "2003.04.01"]
[SourceQuality "1"]

1. e4 e5 2. Nf3 Nc6 3. Bb5 a6 4. Ba4 Nf6 5. O-O Be7 6. Re1 b5 7. Bb3 d6 8. c3
O-O 9. h3 Na5 10. Bc2 c5 11. d4 Qc7 12. d5 Nc4 13. a4 Nb6 14. axb5 axb5 15.
Rxa8 Nxa8 16. Nbd2 Nb6 17. Nf1 c4 18. N3h2 g6 19. g4 h5 20. Ng3 h4 21. Ne2 Nh7
22. Bh6 Re8 23. f4 g5 24. fxg5 Nxg5 25. Qd2 Qd8 26. Qe3 f6 27. Bxg5 fxg5 28.
Nf1 Nd7 29. Qa7 Nc5 30. Ra1 Bb7 31. Ne3 Qd7 32. Qa2 Qc7 33. Qa5 Qd7 34. Qa2 Ra8
35. Qb1 Rxa1 36. Qxa1 Bd8 37. Nf5 Qc7 38. Kg2 Qb6 39. Qf1 Qc7 40. Ng1 Kh7 41.
Nf3 Kg6 42. Qc1 Bc8 43. N3xh4+ Kf7 44. Nf3 Bxf5 45. gxf5 Qe7 46. Nh2 g4 47.
Nxg4 Qg5 48. Qe3 Qxe3 49. Nxe3 Bg5 50. Kf3 Kf6 51. Bd1 Kf7 52. Nc2 Na6 53. Na3
Nc7 54. b3 Bc1 55. Nb1 cxb3 56. Bxb3 Na6 57. Ke2 Kf6 58. Kd1 Bh6 59. Na3 Kg5
60. Nxb5 Bf8 61. Ke2 Kh4 62. Bc4 Nc5 63. Kf3 Kxh3 64. Nc7 Kh4 65. Be2 Kg5 66.
Ne8 Be7 67. Ke3 Kh6 68. Bf3 Kg5 69. c4 Bf8 70. Be2 Kh4 71. Bd3 Kg5 72. Bc2 Kh6
73. Bd1 Kh7 74. Bh5 Kh6 75. Bf3 Kg5 76. Bg2 Kh4 77. Nf6 Bg7 78. Ne8 Bh6+ 79.
Kf3 Bf8 80. Nf6 Bg7 81. Ne8 Bf8 82. Bf1 Kg5 83. Ke3 Kh4 84. Bd3 Kg5 85. Kd2 Kh6
86. Kc3 Kh7 87. Bc2 Kg8 88. Kb4 Kf7 89. Nc7 Ke7 90. Ka5 Kd7 91. Nb5 Be7 92. Nc3
Bh4 93. Kb6 Bf2 94. Kb5 Be1 95. Nd1 Kc7 96. Ne3 Nd7 97. Ng4 Bh4 98. Nh6 Bg5 99.
Nf7 Be3 100. Nh8 Nf6 101. Ng6 Nd7 102. Bd1 Bg5 103. Ba4 Bf6 104. Kb4 Nc5 105.
Bc2 Bg5 106. Nh8 Kb6 107. Nf7 Bd2+ 108. Ka3 Kc7 109. Nh8 Nd7 110. Ng6 Nf6 111.
Nf8 Kb6 112. Ne6 Be3 113. Kb4 Bd2+ 114. Kb3 Be3 115. Kc3 Bg1 116. Kd3 Kb7 117.
Ba4 Kc8 118. Bc6 Bf2 119. Ke2 Bb6 120. Kf3 Ba7 121. Ba4 Bg1 122. Nf8 Kd8 123.
Ng6 Bc5 124. Bc2 Bb6 125. Kg3 Bc5 126. Kh4 Be3 127. Nf8 Ke8 128. Ne6 Ke7 129.
Bd3 Bf2+ 130. Kg5 Be3+ 131. Kg6 Bd2 132. c5 Ne8 133. f6+ Nxf6 1-0